[Event "Attica-CupT final"]
[Site "Athens"]
[Date "2018.05.20"]
[Round "2"]
[White "Nikolaou, Georgios"]
[Black "Tzouganakis, Panteleimon"]
[Result "1-0"]
[WhiteElo "2231"]
[BlackElo "2221"]
[PlyCount "107"]
[EventDate "2018.05.19"]
[EventType "team-k.o."]
[EventRounds "2"]
[EventCountry "GRE"]
[SourceTitle "EXT 2019"]
[Source "ChessBase"]
[SourceDate "2018.10.10"]
[SourceVersion "1"]
[SourceVersionDate "2018.10.10"]
[SourceQuality "1"]
[WhiteTeam "Erythraias Ames"]
[BlackTeam "Peristeriou PS"]
[WhiteTeamCountry "GRE"]
[BlackTeamCountry "GRE"]

1. d4 Nf6 2. c4 g6 3. Nf3 Bg7 4. g3 0-0 5. Bg2 d6 6. 0-0 Nc6 7. d5 Na5 8. Qa4 c5 9. Bd2 b6 10. Bc3 Bd7 11. Qc2 Bf5 12. Qc1 a6 13. Nbd2 b5 14. b3 Rb8 15. Re1 Bh6 16. e3 Ne4 17. Nxe4 Bxe4 18. Qd2 b4 19. Bb2 e5 20. Qe2 Qe7 21. h4 Bg7 22. Ng5 Bxg2 23. Kxg2 h6 24. Nh3 f5 25. e4 f4 26. Qg4 f3+ 27. Kh2 Rf6 28. Rad1 h5 29. Qg5 Qf8 30. Bc1 Nb7 31. Rd3 Nd8 32. Qd2 Nf7 33. Qd1 Nh6 34. Ng5 Ng4+ 35. Kg1 Qe7 36. Ne6 Rf7 37. Rxf3 Bf6 38. Kg2 Rb7 39. Bg5 Qe8 40. Bxf6 Nxf6 41. Ree3 Ng4 42. Rd3 Nf6 43. Qe2 Rbe7 44. Ng5 Rf8 45. Qe3 Nh7 46. Rxf8+ Nxf8 47. Qd2 Nh7 48. Rf3 Nxg5 49. Qxg5 Kh7 50. Qf6 Rd7 51. Qf8 Qxf8 52. Rxf8 Kg7 53. Ra8 Kf6 54. f4 1-0

[Event "Attica-CupT final"]
[Site "Athens"]
[Date "2018.05.19"]
[Round "1"]
[White "Tzouganakis, Panteleimon"]
[Black "Gazis, Efstathios"]
[Result "1-0"]
[WhiteElo "2221"]
[BlackElo "2207"]
[PlyCount "103"]
[EventDate "2018.05.19"]
[EventType "team-k.o."]
[EventRounds "2"]
[EventCountry "GRE"]
[SourceTitle "EXT 2019"]
[Source "ChessBase"]
[SourceDate "2018.10.10"]
[SourceVersion "1"]
[SourceVersionDate "2018.10.10"]
[SourceQuality "1"]
[WhiteTeam "Peristeriou PS"]
[BlackTeam "Fon Heraklion Attica"]
[WhiteTeamCountry "GRE"]
[BlackTeamCountry "GRE"]

1. e4 e6 2. d4 d5 3. exd5 exd5 4. Nc3 c6 5. Bd3 Nf6 6. Bg5 Be7 7. Qd2 0-0 8. 0-0-0 Re8 9. h4 b5 10. f3 a5 11. g4 a4 12. Nce2 Nbd7 13. Ng3 Nb6 14. Bxf6 Bxf6 15. g5 Be7 16. g6 fxg6 17. h5 g5 18. Bxh7+ Kxh7 19. Qd3+ Kg8 20. h6 Bf8 21. hxg7 Bxg7 22. Qh7+ Kf8 23. Nh5 Ra7 24. Nh3 Rf7 25. N3f4 gxf4 26. Nxg7 Rxg7 27. Qh8+ Kf7 28. Qh5+ Rg6 29. Qh7+ Kf6 30. Qh4+ Kf7 31. Qh7+ Rg7 32. Qh5+ Kf8 33. Qh8+ Rg8 34. Qh6+ Kf7 35. Qh7+ Rg7 36. Qh5+ Ke7 37. Qe5+ Kf8 38. Rh8+ Kf7 39. Qh5+ Rg6 40. Rh7+ Kf6 41. Qh4+ Rg5 42. Qh6+ Rg6 43. Qh4+ Rg5 44. Rg1 Reg8 45. Rh5 Qe8 46. Rhxg5 Qe3+ 47. Kb1 Rxg5 48. Qxg5+ Ke6 49. Qh6+ Kd7 50. Rg7+ Qe7 51. Rxe7+ Kxe7 52. Qxc6 1-0

[Event "Paleochora op 9th"]
[Site "Paleochora"]
[Date "2016.07.26"]
[Round "8"]
[White "David, Alberto"]
[Black "Tzouganakis, Panteleimon"]
[Result "1-0"]
[WhiteElo "2572"]
[BlackElo "2203"]
[PlyCount "103"]
[EventDate "2016.07.20"]
[EventType "swiss"]
[EventRounds "9"]
[EventCountry "GRE"]
[SourceTitle "EXT 2017"]
[Source "ChessBase"]
[SourceDate "2016.10.25"]
[SourceVersion "1"]
[SourceVersionDate "2016.10.25"]
[SourceQuality "1"]

1. e4 c5 2. Nf3 d6 3. Bb5+ Nd7 4. d4 cxd4 5. Qxd4 a6 6. Bxd7+ Bxd7 7. Nc3 e5 8. Qd3 Rc8 9. Bg5 Be7 10. Bxe7 Qxe7 11. 0-0-0 Rc6 12. Nd2 Be6 13. f4 exf4 14. Nd5 Qd8 15. Nf3 Ne7 16. Nxf4 Qd7 17. Nd4 Rc5 18. Ndxe6 fxe6 19. Qxd6 Qxd6 20. Rxd6 Rc6 21. Rxc6 Nxc6 22. Nxe6 Kf7 23. Ng5+ Kg6 24. Nf3 Re8 25. Rd1 Rxe4 26. Rd6+ Kf5 27. Rd7 Re7 28. Rd5+ Kf4 29. Kd2 h6 30. a3 g5 31. Rd6 g4 32. Rf6+ Ke4 33. Ne1 h5 34. Nd3 Nd4 35. Rf4+ Kd5 36. c3 Nb3+ 37. Kc2 Na1+ 38. Kb1 Nb3 39. Ka2 Re3 40. Kxb3 Rxd3 41. Rf5+ Kc6 42. Kc2 Rd6 43. Rxh5 Rf6 44. g3 Rf2+ 45. Kb3 b5 46. Rh6+ Kb7 47. a4 bxa4+ 48. Ka3 Re2 49. Rh4 Rf2 50. Rxg4 Rxh2 51. Rxa4 Rg2 52. Rg4 1-0

[Event "Paleochora op 9th"]
[Site "Paleochora"]
[Date "2016.07.24"]
[Round "6"]
[White "Ontabasidis, Aristidis"]
[Black "Tzouganakis, Panteleimon"]
[Result "0-1"]
[WhiteElo "1648"]
[BlackElo "2203"]
[PlyCount "70"]
[EventDate "2016.07.20"]
[EventType "swiss"]
[EventRounds "9"]
[EventCountry "GRE"]
[SourceTitle "EXT 2017"]
[Source "ChessBase"]
[SourceDate "2016.10.25"]
[SourceVersion "1"]
[SourceVersionDate "2016.10.25"]
[SourceQuality "1"]

1. e4 c5 2. Nf3 d6 3. d4 cxd4 4. Nxd4 Nf6 5. Nc3 a6 6. Bd3 e6 7. 0-0 b5 8. a3 Bb7 9. Kh1 Qc7 10. f4 Nbd7 11. Nb3 Be7 12. Bd2 0-0 13. Qe2 e5 14. f5 d5 15. Rae1 Rfe8 16. Rf3 dxe4 17. Nxe4 Rac8 18. Ba5 Qb8 19. Rh3 Nxe4 20. Bxe4 Bxe4 21. Qxe4 Nf6 22. Qxe5 Bb4 23. Qxe8+ Rxe8 24. Rxe8+ Qxe8 25. Bxb4 Qe2 26. Kg1 Qd1+ 27. Kf2 Qxc2+ 28. Ke1 Qb1+ 29. Ke2 Qxb2+ 30. Kd1 Qxg2 31. Rd3 h5 32. Bc3 Ne4 33. Kc1 Nxc3 34. Rxc3 Qxh2 35. Nc5 h4 0-1

[Event "GRE-chT 44th"]
[Site "Achaia"]
[Date "2016.07.10"]
[Round "7.7"]
[White "Tzouganakis, Panteleimon"]
[Black "Tsaknakis, Zisis"]
[Result "1-0"]
[WhiteElo "2203"]
[BlackElo "2027"]
[PlyCount "95"]
[EventDate "2016.07.05"]
[EventType "team-swiss"]
[EventRounds "7"]
[EventCountry "GRE"]
[SourceTitle "CBM 173 Extra"]
[Source "ChessBase"]
[SourceDate "2016.08.29"]
[SourceVersion "1"]
[SourceVersionDate "2016.08.29"]
[SourceQuality "1"]
[WhiteTeam "Corinth Argonaftis"]
[BlackTeam "Chania Kaissa"]
[WhiteTeamCountry "GRE"]
[BlackTeamCountry "GRE"]

1. e4 c5 2. Nf3 d6 3. c3 Nf6 4. Be2 g6 5. 0-0 Bg7 6. h3 0-0 7. d3 Nc6 8. a4 d5 9. Qc2 dxe4 10. dxe4 Qc7 11. Be3 b6 12. Nbd2 Bb7 13. Rfe1 Rad8 14. Rad1 Ne5 15. Nxe5 Qxe5 16. f4 Qc7 17. Bf3 Bh6 18. g3 e5 19. f5 Bxe3+ 20. Rxe3 c4 21. Rde1 a6 22. g4 h6 23. Nf1 Nd7 24. g5 hxg5 25. Qg2 Qd6 26. Qxg5 Qf6 27. Qg4 Qg7 28. Kh1 Nf6 29. Qg5 Rfe8 30. Qh4 Qh8 31. Qg3 Nh5 32. Bxh5 Qxh5 33. Nh2 Kh8 34. f6 Rd6 35. Rf1 Bc8 36. Kg1 Ree6 37. Ref3 Qh6 38. Ng4 Qg5 39. h4 Qh5 40. Ne3 b5 41. Nf5 Bb7 42. Ng7 Qh6 43. Nxe6 Rxe6 44. Qg5 Qxg5+ 45. hxg5 Bxe4 46. Rh3+ Kg8 47. Rd1 Re8 48. Rd2 1-0

[Event "GRE-chT 43rd"]
[Site "Porto Rio"]
[Date "2015.10.08"]
[Round "1.6"]
[White "Chrysafis, Ioannis"]
[Black "Tzouganakis, Panteleimon"]
[Result "0-1"]
[WhiteElo "1634"]
[BlackElo "2214"]
[PlyCount "106"]
[EventDate "2015.10.08"]
[EventType "team-swiss"]
[EventRounds "7"]
[EventCountry "GRE"]
[SourceTitle "CBM 168 Extra"]
[Source "ChessBase"]
[SourceDate "2015.10.29"]
[SourceVersion "1"]
[SourceVersionDate "2015.10.29"]
[SourceQuality "1"]
[WhiteTeam "Alexandroupolis Ethnikos"]
[BlackTeam "Korinthias Argonaftis"]
[WhiteTeamCountry "GRE"]
[BlackTeamCountry "GRE"]

1. e4 c5 2. Nc3 d6 3. Bb5+ Bd7 4. Bxd7+ Qxd7 5. d3 Nc6 6. f4 g6 7. Nf3 Bg7 8. 0-0 Nf6 9. Bd2 0-0 10. Qe1 Rad8 11. Qh4 Qg4 12. Qxg4 Nxg4 13. h3 Nf6 14. Rae1 Nd7 15. Nd1 b5 16. Bc3 Bh6 17. f5 b4 18. Bd2 Bg7 19. c3 Nde5 20. Nxe5 Nxe5 21. Nf2 a5 22. Bf4 Nc6 23. Bd2 a4 24. Ng4 h5 25. f6 hxg4 26. fxg7 Kxg7 27. hxg4 Ne5 28. cxb4 Nxd3 29. Bc3+ f6 30. Re3 Nxb4 31. Bxb4 cxb4 32. Rc1 Rc8 33. Ree1 Kf7 34. Kf2 e5 35. Kf3 Ke6 36. Red1 Rxc1 37. Rxc1 f5 38. gxf5+ gxf5 39. exf5+ Rxf5+ 40. Ke2 Rf4 41. Rc2 Rd4 42. Rc8 Re4+ 43. Kf2 Kd5 44. Ra8 Rc4 45. Ra5+ Rc5 46. Rxa4 Rc2+ 47. Kf1 Rxb2 48. a3 b3 49. Rb4 e4 50. g4 Ke5 51. g5 Rb1+ 52. Kg2 e3 53. Kf3 b2 0-1

[Event "Paleochora op 8th"]
[Site "Paleochora"]
[Date "2015.07.24"]
[Round "9"]
[White "Markidis, Konstantinos"]
[Black "Tzouganakis, Panteleimon"]
[Result "1/2-1/2"]
[WhiteElo "2378"]
[BlackElo "2197"]
[PlyCount "106"]
[EventDate "2015.07.17"]
[EventType "swiss"]
[EventRounds "9"]
[EventCountry "GRE"]
[SourceTitle "CBM 167 Extra"]
[Source "ChessBase"]
[SourceDate "2015.09.14"]
[SourceVersion "1"]
[SourceVersionDate "2015.09.14"]
[SourceQuality "1"]

1. e4 c5 2. Nf3 e6 3. g3 d5 4. exd5 exd5 5. Bg2 Nf6 6. d4 Nc6 7. 0-0 Be7 8. dxc5 Bxc5 9. Nc3 0-0 10. a3 h6 11. b4 Bb6 12. Na4 Be6 13. Bb2 Ne4 14. Nxb6 Qxb6 15. Nd4 Nxd4 16. Bxd4 Qc6 17. Re1 b6 18. Rc1 b5 19. a4 a6 20. a5 Rac8 21. c3 Rfe8 22. f3 Nd6 23. g4 f6 24. Rc2 Bf7 25. Rce2 Rxe2 26. Rxe2 Re8 27. Kf2 Nc4 28. Rxe8+ Qxe8 29. Qc1 Qb8 30. Kg1 Qd6 31. Bf1 Bg6 32. Kg2 Kf7 33. h4 Qe7 34. h5 Bh7 35. Qf4 Bb1 36. Kf2 Bc2 37. Bc5 Qe5 38. Qxe5 Nxe5 39. Ke3 Nc6 40. Bh3 Ke6 41. Bg2 Bb1 42. f4 Ba2 43. Kf2 Bb3 44. Kg3 Bc4 45. Kh4 Ne7 46. Bf3 Bb3 47. g5 Nf5+ 48. Kg4 Bc2 49. gxf6 gxf6 50. Kh3 Nd6 51. Bg4+ Bf5 52. Bxf5+ Nxf5 53. Kg4 Ne7 1/2-1/2

[Event "Paleochora op 8th"]
[Site "Paleochora"]
[Date "2015.07.22"]
[Round "7"]
[White "Markatou, Maria Eleni"]
[Black "Tzouganakis, Panteleimon"]
[Result "0-1"]
[WhiteElo "1509"]
[BlackElo "2197"]
[PlyCount "64"]
[EventDate "2015.07.17"]
[EventType "swiss"]
[EventRounds "9"]
[EventCountry "GRE"]
[SourceTitle "CBM 167 Extra"]
[Source "ChessBase"]
[SourceDate "2015.09.14"]
[SourceVersion "1"]
[SourceVersionDate "2015.09.14"]
[SourceQuality "1"]

1. Nf3 Nf6 2. g3 d6 3. d4 Nbd7 4. Bg2 e5 5. dxe5 dxe5 6. 0-0 Be7 7. c4 0-0 8. Nc3 c6 9. Qb3 Qc7 10. Be3 Ng4 11. Ne4 Nxe3 12. Qxe3 h6 13. Qb3 f5 14. Nc3 Nc5 15. Qc2 a5 16. a3 a4 17. e3 Be6 18. Nd2 Qa5 19. Rfc1 Rad8 20. b4 axb3 21. Nxb3 Nxb3 22. Qxb3 Rd7 23. Qc2 e4 24. Qa4 Qxa4 25. Nxa4 Rd3 26. Rab1 Bxa3 27. Rc2 Rfd8 28. Bf1 Rd1 29. Rxd1 Rxd1 30. Kg2 Kf7 31. Rc3 Bb4 32. Be2 Ra1 0-1

[Event "Paleochora op 8th"]
[Site "Paleochora"]
[Date "2015.07.19"]
[Round "4"]
[White "Fidrilakis, Stavros"]
[Black "Tzouganakis, Panteleimon"]
[Result "0-1"]
[WhiteElo "1955"]
[BlackElo "2197"]
[PlyCount "118"]
[EventDate "2015.07.17"]
[EventType "swiss"]
[EventRounds "9"]
[EventCountry "GRE"]
[SourceTitle "CBM 167 Extra"]
[Source "ChessBase"]
[SourceDate "2015.09.14"]
[SourceVersion "1"]
[SourceVersionDate "2015.09.14"]
[SourceQuality "1"]

1. d4 Nf6 2. Bg5 d5 3. Bxf6 gxf6 4. e3 e6 5. c4 c6 6. Nc3 b6 7. Nf3 Ba6 8. Nd2 f5 9. Qc2 Nd7 10. cxd5 Bxf1 11. dxe6 Bxg2 12. exd7+ Qxd7 13. Rg1 Bh3 14. 0-0-0 Bd6 15. Nc4 Bg4 16. Rd2 Bxh2 17. Rh1 Bc7 18. Rh6 Bf3 19. Ne5 Bxe5 20. dxe5 Bd5 21. Rd6 Qc8 22. Qa4 b5 23. Qh4 Qc7 24. Kb1 Rc8 25. Qg5 b4 26. Ne2 Rd8 27. Qg7 Rf8 28. Qf6 Qe7 29. Rxd8+ Qxd8 30. Qxd8+ Kxd8 31. Nf4 Ke7 32. Nxd5+ cxd5 33. Rxd5 h5 34. Rd4 Rh8 35. Rh4 Ke6 36. f4 Kd5 37. Kc2 Ke4 38. Rh3 h4 39. Kd2 a5 40. a4 bxa3 41. bxa3 a4 42. Kc2 Rc8+ 43. Kd2 Rd8+ 44. Kc3 Rb8 45. Rxh4 Rb3+ 46. Kd2 Rxa3 47. Rh7 Rd3+ 48. Ke2 Rxe3+ 49. Kd2 Kxf4 50. Rh4+ Kg3 51. Rxa4 Rxe5 52. Ra7 f4 53. Rxf7 f3 54. Rg7+ Kf2 55. Rg8 Kf1 56. Rf8 f2 57. Rf7 Rg5 58. Ke3 Rg3+ 59. Ke4 Kg2 0-1

[Event "Paleochora op 7th"]
[Site "Paleochora"]
[Date "2014.07.28"]
[Round "9"]
[White "Skembris, Spyridon"]
[Black "Tzouganakis, Panteleimon"]
[Result "1/2-1/2"]
[WhiteElo "2473"]
[BlackElo "2185"]
[PlyCount "77"]
[EventDate "2014.07.21"]
[EventType "swiss"]
[EventRounds "9"]
[EventCountry "GRE"]
[SourceTitle "CBM 161 Extra"]
[Source "ChessBase"]
[SourceDate "2014.08.29"]
[SourceVersion "1"]
[SourceVersionDate "2014.08.29"]
[SourceQuality "1"]

1. d4 Nf6 2. Nf3 g6 3. g3 Bg7 4. Bg2 0-0 5. c4 d6 6. Nc3 Nc6 7. 0-0 a6 8. d5 Na5 9. b3 c5 10. dxc6 Nxc6 11. Bb2 Bf5 12. Nd4 Nxd4 13. Qxd4 Ne4 14. Qe3 Nxc3 15. Bxc3 Bxc3 16. Qxc3 Qc7 17. a4 a5 18. h4 h5 19. Rad1 Rac8 20. Rd5 b6 21. Bf3 e6 22. Rb5 d5 23. Bg2 dxc4 24. Rc1 e5 25. bxc4 Bd7 26. Rxe5 Bxa4 27. Bf3 Bc6 28. Rg5 Bxf3 29. Qxf3 Qd6 30. Qxh5 Qd2 31. Rb1 Rc6 32. Qf3 Re6 33. e3 a4 34. Rgb5 a3 35. Qd1 Rd8 36. Qxd2 Rxd2 37. Ra1 Rf6 38. Rxa3 Rfxf2 39. Rxb6 1/2-1/2

[Event "Rethymno op 6th"]
[Site "Rethymno"]
[Date "2014.07.18"]
[Round "8"]
[White "Skembris, Spyridon"]
[Black "Tzouganakis, Panteleimon"]
[Result "1-0"]
[WhiteElo "2473"]
[BlackElo "2185"]
[PlyCount "71"]
[EventDate "2014.07.12"]
[EventType "swiss"]
[EventRounds "9"]
[EventCountry "GRE"]
[SourceTitle "CBM 161 Extra"]
[Source "ChessBase"]
[SourceDate "2014.08.29"]
[SourceVersion "1"]
[SourceVersionDate "2014.08.29"]
[SourceQuality "1"]

1. d4 Nf6 2. c4 g6 3. Nc3 Bg7 4. g3 0-0 5. Bg2 d6 6. Nf3 Nc6 7. 0-0 a6 8. Bg5 h6 9. Bd2 e5 10. dxe5 dxe5 11. Qc1 Kh7 12. Rd1 Bd7 13. Be3 Qc8 14. Nd5 Ng4 15. Bc5 Re8 16. e4 Be6 17. Rd2 b6 18. Ba3 Qb7 19. b3 Nd4 20. Nxd4 exd4 21. h3 Ne5 22. f4 Nd7 23. e5 c6 24. Nb4 Rac8 25. Nc2 Nxe5 26. fxe5 Bxe5 27. Nxd4 Bxg3 28. Qf1 Bb8 29. Nxe6 Rxe6 30. Rad1 Qc7 31. Bd6 Rxd6 32. Rxd6 Re8 33. Qf3 Qe7 34. Rd7 Qc5+ 35. Qf2 Bh2+ 36. Kf1 1-0

[Event "Rethymno op 6th"]
[Site "Rethymno"]
[Date "2014.07.15"]
[Round "5"]
[White "Tzouganakis, Panteleimon"]
[Black "Leenhouts, Koen"]
[Result "1/2-1/2"]
[WhiteElo "2185"]
[BlackElo "2388"]
[PlyCount "65"]
[EventDate "2014.07.12"]
[EventType "swiss"]
[EventRounds "9"]
[EventCountry "GRE"]
[SourceTitle "CBM 161 Extra"]
[Source "ChessBase"]
[SourceDate "2014.08.29"]
[SourceVersion "1"]
[SourceVersionDate "2014.08.29"]
[SourceQuality "1"]

1. e4 e5 2. Nf3 Nc6 3. Bb5 g6 4. d4 exd4 5. Bg5 Be7 6. Bxe7 Qxe7 7. Bxc6 dxc6 8. Qxd4 Nf6 9. Nc3 Bg4 10. 0-0-0 Bxf3 11. gxf3 0-0 12. Qe3 Nh5 13. f4 Qh4 14. Ne2 Rad8 15. h3 Rfe8 16. Qf3 Qe7 17. Rxd8 Rxd8 18. Ng3 Nxg3 19. fxg3 Qe6 20. b3 Rd4 21. e5 Qd5 22. Qxd5 cxd5 23. Rd1 Rxd1+ 24. Kxd1 c5 25. Ke2 Kf8 26. g4 Ke7 27. f5 Kd7 28. Ke3 g5 29. c3 Kc6 30. a4 b6 31. Kd3 Kd7 32. b4 a5 33. b5 1/2-1/2

[Event "Rethymno op 6th"]
[Site "Rethymno"]
[Date "2014.07.13"]
[Round "2"]
[White "Tzouganakis, Panteleimon"]
[Black "Pakleza, Zbigniew"]
[Result "0-1"]
[WhiteElo "2185"]
[BlackElo "2487"]
[PlyCount "54"]
[EventDate "2014.07.12"]
[EventType "swiss"]
[EventRounds "9"]
[EventCountry "GRE"]
[SourceTitle "CBM 161 Extra"]
[Source "ChessBase"]
[SourceDate "2014.08.29"]
[SourceVersion "1"]
[SourceVersionDate "2014.08.29"]
[SourceQuality "1"]

1. e4 d6 2. d4 Nf6 3. Nc3 c6 4. f4 Qa5 5. Bd3 e5 6. Nf3 exd4 7. Nxd4 Qb6 8. Nb3 Be7 9. h3 d5 10. e5 Ne4 11. Bxe4 Bh4+ 12. Kd2 dxe4 13. Nxe4 0-0 14. Qf3 Na6 15. c3 Rd8+ 16. Nd6 Be7 17. f5 Qb5 18. Nd4 Qxe5 19. Nxc8 Raxc8 20. Kc2 Nb4+ 21. Kb1 c5 22. cxb4 Rxd4 23. b3 Bf6 24. Qc3 Qxf5+ 25. Qc2 Qxc2+ 26. Kxc2 cxb4+ 27. Kb1 Re4 0-1

[Event "GRE-chT 42nd"]
[Site "Porto Rio"]
[Date "2014.06.30"]
[Round "4.8"]
[White "Sandalakis, Nikolaos"]
[Black "Tzouganakis, Panteleimon"]
[Result "0-1"]
[WhiteElo "1958"]
[BlackElo "2185"]
[PlyCount "68"]
[EventDate "2014.06.28"]
[EventType "team-swiss"]
[EventRounds "7"]
[EventCountry "GRE"]
[SourceTitle "CBM 161 Extra"]
[Source "ChessBase"]
[SourceDate "2014.08.29"]
[SourceVersion "1"]
[SourceVersionDate "2014.08.29"]
[SourceQuality "1"]
[WhiteTeam "Saint Nicholas Lato"]
[BlackTeam "Korinthias Argonaftis"]
[WhiteTeamCountry "GRE"]
[BlackTeamCountry "GRE"]

1. e4 c5 2. Nf3 d6 3. d4 cxd4 4. Nxd4 Nf6 5. Nc3 e6 6. g3 Be7 7. Bg2 0-0 8. 0-0 a6 9. a4 Qc7 10. a5 Nc6 11. Nb3 Nd7 12. Be3 b5 13. axb6 Nxb6 14. Nb5 axb5 15. Bxb6 Qb8 16. Rxa8 Qxa8 17. Qe2 Bd7 18. Ra1 Qb8 19. Be3 Rc8 20. f4 Bd8 21. c3 Bb6 22. Qf2 Bd8 23. h4 Bf6 24. Qd2 Rd8 25. Ra6 Qc8 26. Rb6 Be7 27. Rxb5 Ne5 28. Rb4 Nc4 29. Qe2 d5 30. exd5 Bxb4 31. cxb4 Nxe3 32. Qxe3 exd5 33. Bxd5 Bh3 34. Qd3 Qd7 0-1

[Event "Isthmia op 3rd"]
[Site "Vrachati"]
[Date "2013.08.24"]
[Round "8"]
[White "Tsaknakis, Zisis"]
[Black "Tzouganakis, Panteleimon"]
[Result "0-1"]
[WhiteElo "1793"]
[BlackElo "2201"]
[PlyCount "80"]
[EventDate "2013.08.18"]
[EventType "swiss"]
[EventRounds "9"]
[EventCountry "GRE"]
[SourceTitle "CBM 156 Extra"]
[Source "ChessBase"]
[SourceDate "2013.10.22"]
[SourceVersion "1"]
[SourceVersionDate "2013.10.22"]
[SourceQuality "1"]

1. e4 g6 2. d4 Bg7 3. Nc3 c6 4. Be3 d5 5. exd5 cxd5 6. Nf3 a6 7. Qd2 Nc6 8. 0-0-0 Bg4 9. Be2 e6 10. Ne5 Bxe2 11. Qxe2 Nge7 12. f4 Nxe5 13. dxe5 Nf5 14. g4 Nxe3 15. Qxe3 Qc7 16. Rhe1 h5 17. h3 Qa5 18. Kb1 0-0-0 19. g5 Bf8 20. Ne2 Bc5 21. Qc3 Qxc3 22. Nxc3 Bb4 23. a3 Bxc3 24. bxc3 Kb8 25. Rd4 Rc8 26. Kb2 Rc5 27. Re3 Rhc8 28. Rf3 R8c6 29. a4 Kc7 30. Rfd3 Rc4 31. Rxc4 Rxc4 32. f5 gxf5 33. g6 fxg6 34. Rg3 Re4 35. Rxg6 Rxe5 36. Rh6 f4 37. Rf6 Rf5 38. Rxe6 f3 39. Re1 f2 40. Rf1 Kc6 0-1

[Event "Rethymno op 5th"]
[Site "Rethymno"]
[Date "2013.08.02"]
[Round "7"]
[White "Tzouganakis, Panteleimon"]
[Black "Borovikov, Vladislav"]
[Result "0-1"]
[WhiteElo "2201"]
[BlackElo "2564"]
[PlyCount "82"]
[EventDate "2013.07.28"]
[EventType "swiss"]
[EventRounds "9"]
[EventCountry "GRE"]
[SourceTitle "CBM 155 Extra"]
[Source "ChessBase"]
[SourceDate "2013.08.26"]
[SourceVersion "1"]
[SourceVersionDate "2013.08.26"]
[SourceQuality "1"]

1. e4 c5 2. Nf3 d6 3. d4 cxd4 4. Nxd4 Nf6 5. Nc3 a6 6. f4 e5 7. Nf3 Nbd7 8. a4 Be7 9. Bd3 0-0 10. 0-0 exf4 11. Kh1 Nc5 12. Bxf4 Bg4 13. Qd2 Rc8 14. h3 Bh5 15. Nd4 Bg6 16. Rae1 d5 17. exd5 Nxd3 18. cxd3 Bc5 19. Be5 Nxd5 20. Nf5 f6 21. Bd4 Bb4 22. Qd1 Kh8 23. Qb3 Bf7 24. Qc2 Qd7 25. Qf2 Bg6 26. Rc1 Bxf5 27. Qxf5 Qxf5 28. Rxf5 Rfd8 29. Rff1 Ne7 30. Ne2 Nc6 31. Bc3 Bd6 32. d4 Kg8 33. Rfd1 Ne7 34. Ba5 Re8 35. Nc3 Nf5 36. d5 Ne3 37. Re1 Kf7 38. b3 Bg3 39. Re2 Nxd5 40. Rec2 Re1+ 41. Rxe1 Bxe1 0-1

[Event "GRE-chT 41st"]
[Site "Achaia"]
[Date "2013.07.05"]
[Round "5.8"]
[White "Tzouganakis, Panteleimon"]
[Black "Stathopoulos, Ioannis"]
[Result "0-1"]
[WhiteElo "2201"]
[BlackElo "2247"]
[PlyCount "92"]
[EventDate "2013.07.02"]
[EventType "team-swiss"]
[EventRounds "7"]
[EventCountry "GRE"]
[SourceTitle "CBM 155 Extra"]
[Source "ChessBase"]
[SourceDate "2013.08.26"]
[SourceVersion "1"]
[SourceVersionDate "2013.08.26"]
[SourceQuality "1"]
[WhiteTeam "Corinth Argonaftis"]
[BlackTeam "Peristeriou CP"]
[WhiteTeamCountry "GRE"]
[BlackTeamCountry "GRE"]

1. e4 c5 2. Nf3 d6 3. d4 cxd4 4. Nxd4 Nf6 5. Nc3 a6 6. f4 e5 7. Nf3 Nbd7 8. a4 d5 9. fxe5 Nxe4 10. Qxd5 Nxc3 11. bxc3 Bc5 12. Bc4 0-0 13. Ba3 Qa5 14. Bb4 Bxb4 15. cxb4 Qxb4+ 16. Nd2 Nb6 17. Qd4 Nxc4 18. Qxc4 Qa5 19. Qe2 Rd8 20. Rd1 Bf5 21. e6 fxe6 22. 0-0 Bxc2 23. Qxe6+ Kh8 24. Nb3 Qb4 25. Rxd8+ Rxd8 26. Nc1 Bxa4 27. h3 h6 28. Kh1 Bb5 29. Qb6 Qd6 30. Qxd6 Rxd6 31. Rf8+ Kh7 32. Nb3 Bc4 33. Nc5 b6 34. Ne4 Re6 35. Rf4 Bd5 36. Nc3 Bc6 37. Kg1 b5 38. Kf2 Rf6 39. Rxf6 gxf6 40. g3 b4 41. Nd1 a5 42. Ke3 a4 43. Kd2 a3 44. Kc1 Be4 45. Ne3 b3 46. Nc4 b2+ 0-1

[Event "GRE-ch U18"]
[Site "Chania"]
[Date "2013.01.07"]
[Round "8.2"]
[White "Liodakis, Konstantinos Spyros"]
[Black "Tzouganakis, Panteleimon"]
[Result "1/2-1/2"]
[WhiteElo "2141"]
[BlackElo "2206"]
[PlyCount "119"]
[EventDate "2013.01.02"]
[EventType "swiss"]
[EventRounds "9"]
[EventCountry "GRE"]
[SourceTitle "EXT 2024"]
[Source "ChessBase"]
[SourceDate "2023.10.10"]
[SourceVersion "1"]
[SourceVersionDate "2023.10.10"]
[SourceQuality "1"]

1. d4 Nf6 2. Nf3 g6 3. g3 Bg7 4. Bg2 0-0 5. c4 d6 6. 0-0 c6 7. Nc3 Qa5 8. e4 Nbd7 9. h3 e5 10. d5 Qc7 11. Bg5 Nc5 12. Qc2 a5 13. Rfd1 Bd7 14. dxc6 bxc6 15. Be3 Rfe8 16. Bxc5 dxc5 17. Na4 Bf8 18. Nd2 Be6 19. Nb3 Nd7 20. Rd3 Reb8 21. a3 Qa7 22. Rad1 Rb7 23. Kh2 Rab8 24. h4 Be7 25. Nd2 Nb6 26. Nxb6 Rxb6 27. b3 a4 28. Rb1 Qb7 29. Bh3 Bxh3 30. Kxh3 Bf8 31. Qc3 Bh6 32. Qxe5 Bxd2 33. Rxd2 axb3 34. Kg2 b2 35. Qxc5 Rb3 36. h5 Qc8 37. h6 Qe6 38. Qd4 f6 39. Rdxb2 Rxb2 40. Rxb2 Rxb2 41. Qxb2 Qxe4+ 42. f3 Qxc4 43. Qxf6 Qe2+ 44. Kh3 Qf1+ 45. Kg4 Qc4+ 46. Qf4 Qe6+ 47. Kh4 Qe7+ 48. Kh3 Qxa3 49. Qc4+ Kf8 50. Qxc6 Qe7 51. Qc3 Kg8 52. g4 Qf8 53. Qc4+ Kh8 54. Qd4+ Kg8 55. Qd5+ Kh8 56. g5 Qc8+ 57. Kg3 Qg4+ 58. Kf2 Qg1+ 59. Ke2 Qe3+ 60. Kxe3 1/2-1/2

[Event "Mediterranean-ch U20 4th"]
[Site "Chania"]
[Date "2012.09.03"]
[Round "9"]
[White "Tzouganakis, Panteleimon"]
[Black "Lagarde, Maxime"]
[Result "1/2-1/2"]
[WhiteElo "2170"]
[BlackElo "2505"]
[PlyCount "59"]
[EventDate "2012.08.28"]
[EventType "swiss"]
[EventRounds "9"]
[EventCountry "GRE"]
[SourceTitle "CBM 150 Extra"]
[Source "ChessBase"]
[SourceDate "2012.10.19"]
[SourceVersion "1"]
[SourceVersionDate "2012.10.19"]
[SourceQuality "1"]

1. e4 c5 2. Nf3 Nc6 3. d4 cxd4 4. Nxd4 Nf6 5. Nc3 d6 6. Bg5 e6 7. Qd2 a6 8. 0-0-0 Bd7 9. f4 b5 10. Bxf6 gxf6 11. Nxc6 Bxc6 12. Bd3 Qa5 13. Rhe1 0-0-0 14. Kb1 b4 15. Ne2 Qb6 16. Nd4 Bb7 17. Nf3 Kb8 18. Qe2 a5 19. e5 Bh6 20. g3 dxe5 21. fxe5 f5 22. Nd2 Bxd2 23. Rxd2 h5 24. Red1 Rd4 25. Qe3 Rhd8 26. Kc1 Qc7 27. Be2 Rxd2 28. Rxd2 h4 29. Rxd8+ Qxd8 30. Qc5 1/2-1/2